[Event "Sandnes CC-ch A"]
[Site "Sandnes"]
[Date "2017.02.28"]
[Round "3"]
[White "Hegvik, Leif Trygve"]
[Black "Skrede, Snorre"]
[Result "1-0"]
[WhiteElo "1916"]
[BlackElo "1915"]
[PlyCount "67"]
[EventDate "2017.02.07"]
[EventType "swiss"]
[EventRounds "7"]
[EventCountry "NOR"]
[SourceTitle "EXT 2024"]
[Source "ChessBase"]
[SourceDate "2023.10.10"]
[SourceVersion "1"]
[SourceVersionDate "2023.10.10"]
[SourceQuality "1"]

1. e4 c5 2. Nc3 g6 3. f4 Bg7 4. Nf3 Nc6 5. Bb5 Nd4 6. 0-0 a6 7. Bd3 d6 8. Rb1 b5 9. Kh1 e6 10. b4 Ne7 11. a4 Nxf3 12. Qxf3 cxb4 13. Rxb4 Nc6 14. Rb1 b4 15. Ne2 a5 16. Bb2 Bxb2 17. Rxb2 Ba6 18. Bxa6 Rxa6 19. f5 Qd7 20. Nf4 Ne5 21. fxe6 fxe6 22. Qh3 0-0 23. Rbb1 Rf6 24. d4 Qf7 25. dxe5 dxe5 26. Qd3 exf4 27. Qxa6 g5 28. Rbd1 f3 29. gxf3 Rxf3 30. Qe2 g4 31. Rxf3 gxf3 32. Qd3 Qf4 33. Rf1 f2 34. Qg3+ 1-0

[Event "Sandnes Hast op"]
[Site "Sandnes"]
[Date "2014.09.02"]
[Round "3"]
[White "Okland, Sveinung"]
[Black "Hegvik, Leif Trygve"]
[Result "1/2-1/2"]
[WhiteElo "1872"]
[BlackElo "1911"]
[PlyCount "115"]
[EventDate "2014.09.02"]
[EventType "swiss"]
[EventRounds "7"]
[EventCountry "NOR"]
[SourceTitle "EXT 2017"]
[Source "ChessBase"]
[SourceDate "2016.10.25"]
[SourceVersion "1"]
[SourceVersionDate "2016.10.25"]
[SourceQuality "1"]

1. e4 e6 2. d3 d5 3. Nd2 g6 4. g3 Bg7 5. Bg2 Nf6 6. Ngf3 0-0 7. 0-0 c5 8. Re1 Nc6 9. c3 b6 10. e5 Nd7 11. d4 cxd4 12. cxd4 f6 13. exf6 Nxf6 14. Nb3 Ne4 15. Be3 Bd7 16. Nbd2 Rc8 17. a3 Nd6 18. Bg5 Qe8 19. Nb3 Ne4 20. Be3 Qf7 21. Qe2 e5 22. dxe5 Bg4 23. Ng5 Qf5 24. Bxe4 dxe4 25. Qc4+ Kh8 26. Qxe4 Nxe5 27. Qxf5 Bxf5 28. Nd4 Bd7 29. Rec1 Nd3 30. Rxc8 Rxc8 31. b3 Kg8 32. Rd1 Ne5 33. Kg2 h6 34. Nge6 Ng4 35. Nxg7 Kxg7 36. Bf4 g5 37. Bd6 Kg6 38. h3 Nf6 39. f3 Nd5 40. Rd3 Rc1 41. f4 gxf4 42. gxf4 Bc8 43. Rg3+ Kf7 44. Rd3 Kg6 45. Kg3 Rg1+ 46. Kf2 Rh1 47. Kg2 Rc1 48. Be5 Re1 49. Kf2 Rh1 50. Nf3 Ne7 51. Rd6+ Kh5 52. Kg2 Rb1 53. Nd4 Rb2+ 54. Kf1 Bxh3+ 55. Ke1 Rg2 56. Bf6 Nf5 57. Nxf5 Bxf5 58. Kf1 1/2-1/2

[Event "Sandnes CC-ch"]
[Site "Sandnes"]
[Date "2014.02.04"]
[Round "2"]
[White "Snerthammer, Daniel"]
[Black "Hegvik, Leif Trygve"]
[Result "1/2-1/2"]
[WhiteElo "1910"]
[BlackElo "1906"]
[PlyCount "49"]
[EventDate "2014.02.04"]
[EventType "swiss"]
[EventRounds "7"]
[EventCountry "NOR"]
[SourceTitle "EXT 2017"]
[Source "ChessBase"]
[SourceDate "2016.10.25"]
[SourceVersion "1"]
[SourceVersionDate "2016.10.25"]
[SourceQuality "1"]

1. e4 e6 2. d4 d5 3. Nd2 dxe4 4. Nxe4 Nd7 5. Nf3 Ngf6 6. Ng3 c5 7. Be3 Qb6 8. Qc1 Be7 9. Be2 Qc7 10. Bf4 Bd6 11. Bxd6 Qxd6 12. dxc5 Qxc5 13. 0-0 b6 14. c3 Bb7 15. Qg5 Qxg5 16. Nxg5 0-0 17. Bf3 Bxf3 18. Nxf3 Rfd8 19. Rad1 Nc5 20. Nd4 Na4 21. Rb1 Rd7 22. Rfc1 Rad8 23. Nf3 Nc5 24. b3 Nfe4 25. Nxe4 1/2-1/2

[Event "Gibraltar Masters 9th"]
[Site "Caleta"]
[Date "2011.01.31"]
[Round "7"]
[White "Steil Antoni, Fiona"]
[Black "Hegvik, Leif Trygve"]
[Result "1-0"]
[WhiteElo "2118"]
[BlackElo "1814"]
[PlyCount "73"]
[EventDate "2011.01.25"]
[EventType "swiss"]
[EventRounds "10"]
[EventCountry "GGB"]
[SourceTitle "CBM 141"]
[Source "ChessBase"]
[SourceDate "2011.03.17"]
[SourceVersion "1"]
[SourceVersionDate "2011.03.17"]
[SourceQuality "1"]

1. e4 e5 2. Nf3 Nc6 3. d4 exd4 4. Nxd4 Bc5 5. Nb3 Bb6 6. Nc3 d6 7. Qe2 Be6 8. Nd5 Nge7 9. Nxb6 axb6 10. g3 Qd7 11. Bg2 0-0 12. 0-0 Bh3 13. Bd2 Bxg2 14. Kxg2 f5 15. f4 fxe4 16. Qxe4 Rae8 17. Rae1 Nf5 18. Qd3 Qf7 19. Bc3 Kh8 20. a3 h6 21. Nd2 Re6 22. Nf3 Rfe8 23. Rxe6 Rxe6 24. Re1 Rxe1 25. Bxe1 Qe6 26. Kf2 Kg8 27. Bc3 Kf7 28. g4 Nfe7 29. f5 Qd5 30. Qe2 Ng8 31. h3 Nf6 32. Nd2 Kf8 33. Qe3 Ne5 34. Bxe5 dxe5 35. Nf3 Ne4+ 36. Ke1 Kf7 37. c4 1-0

[Event "Gibraltar Masters 9th"]
[Site "Caleta"]
[Date "2011.01.30"]
[Round "6"]
[White "Hegvik, Leif Trygve"]
[Black "Sipila, Vilka"]
[Result "0-1"]
[WhiteElo "1814"]
[BlackElo "2269"]
[PlyCount "60"]
[EventDate "2011.01.25"]
[EventType "swiss"]
[EventRounds "10"]
[EventCountry "GGB"]
[SourceTitle "CBM 141"]
[Source "ChessBase"]
[SourceDate "2011.03.17"]
[SourceVersion "1"]
[SourceVersionDate "2011.03.17"]
[SourceQuality "1"]

1. e4 b6 2. d4 Bb7 3. Nc3 e6 4. Nf3 Bb4 5. Bd3 Nf6 6. Qe2 d5 7. e5 Ne4 8. Bd2 Nxd2 9. Qxd2 c5 10. a3 Bxc3 11. bxc3 h6 12. 0-0 Qc7 13. Qe3 Ba6 14. Bxa6 Nxa6 15. Qe2 Nb8 16. Qb5+ Nd7 17. a4 a6 18. Qe2 0-0 19. Rfb1 Rfc8 20. Rb2 cxd4 21. cxd4 Qc4 22. Kf1 Qc3 23. Raa2 Rc4 24. Qe1 Rac8 25. Qxc3 Rxc3 26. Ke2 f6 27. Kd2 Kf7 28. Rb3 R3c6 29. Rab2 Ke7 30. Ne1 fxe5 0-1

[Event "Gibraltar Challengers-B 9th"]
[Site "Caleta"]
[Date "2011.01.30"]
[Round "2"]
[White "Knudsen, Jes West"]
[Black "Hegvik, Leif Trygve"]
[Result "0-1"]
[WhiteElo "2000"]
[BlackElo "1814"]
[PlyCount "54"]
[EventDate "2011.01.29"]
[EventType "swiss"]
[EventRounds "5"]
[EventCountry "GGB"]
[SourceTitle "CBM 140 Extra"]
[Source "ChessBase"]
[SourceDate "2011.03.01"]
[SourceVersion "1"]
[SourceVersionDate "2011.03.01"]
[SourceQuality "1"]

1. e4 e5 2. Bc4 Nf6 3. Nc3 Bc5 4. f4 d6 5. Nf3 Nc6 6. d3 a6 7. f5 h6 8. g3 Nd4 9. Nxd4 Bxd4 10. Bd2 c6 11. Qf3 b5 12. Bb3 Bb7 13. a4 d5 14. 0-0-0 Bxc3 15. Bxc3 d4 16. Bd2 c5 17. Rhe1 Qc7 18. c4 bxa4 19. Bxa4+ Bc6 20. Bxc6+ Qxc6 21. Kb1 Qb7 22. Bc1 a5 23. Qe2 a4 24. Qc2 0-0 25. h4 Rfb8 26. Rd2 a3 27. Rg2 Ng4 0-1

[Event "Gibraltar Challengers-B 9th"]
[Site "Caleta"]
[Date "2011.01.29"]
[Round "1"]
[White "Montabord, Manuel"]
[Black "Hegvik, Leif Trygve"]
[Result "1-0"]
[WhiteElo "2063"]
[BlackElo "1814"]
[PlyCount "61"]
[EventDate "2011.01.29"]
[EventType "swiss"]
[EventRounds "5"]
[EventCountry "GGB"]
[SourceTitle "CBM 140 Extra"]
[Source "ChessBase"]
[SourceDate "2011.03.01"]
[SourceVersion "1"]
[SourceVersionDate "2011.03.01"]
[SourceQuality "1"]

1. e4 e5 2. Nf3 Nc6 3. Bb5 a6 4. Ba4 Nf6 5. Qe2 b5 6. Bb3 d6 7. c3 Be7 8. 0-0 0-0 9. Rd1 Na5 10. Bc2 c5 11. d4 cxd4 12. cxd4 Qc7 13. h3 Bd7 14. b3 Rac8 15. Bd3 Nc6 16. dxe5 dxe5 17. Bb2 Rfd8 18. Nc3 Bc5 19. Rac1 Qb8 20. Nd5 Nxd5 21. exd5 Nd4 22. Nxd4 Bxd4 23. Bb1 Rxc1 24. Rxc1 Qd6 25. Bxd4 exd4 26. Qd3 g6 27. Qxd4 Bc6 28. Rd1 Re8 29. dxc6 Re1+ 30. Rxe1 Qxd4 31. c7 1-0

[Event "Gibraltar Masters 9th"]
[Site "Caleta"]
[Date "2011.01.28"]
[Round "4"]
[White "Hegvik, Leif Trygve"]
[Black "Lochte, Szilvia"]
[Result "1-0"]
[WhiteElo "1814"]
[BlackElo "2015"]
[PlyCount "33"]
[EventDate "2011.01.25"]
[EventType "swiss"]
[EventRounds "10"]
[EventCountry "GGB"]
[SourceTitle "CBM 141"]
[Source "ChessBase"]
[SourceDate "2011.03.17"]
[SourceVersion "1"]
[SourceVersionDate "2011.03.17"]
[SourceQuality "1"]

1. e4 e6 2. d4 d5 3. Nd2 dxe4 4. Nxe4 Bd7 5. Nf3 Bc6 6. Bd3 Nd7 7. 0-0 Ngf6 8. Nxf6+ Nxf6 9. c3 Bxf3 10. Qxf3 c6 11. Bg5 Be7 12. Rad1 Qa5 13. Bxf6 Bxf6 14. a3 Qc7 15. Rfe1 0-0-0 16. b4 e5 17. dxe5 1-0

[Event "Kragero op"]
[Site "Kragero"]
[Date "2005.11.19"]
[Round "2"]
[White "Hegvik, Leif Trygve"]
[Black "Nygaard, Dennis"]
[Result "1-0"]
[WhiteElo "1115"]
[BlackElo "1218"]
[PlyCount "95"]
[EventDate "2005.11.18"]
[EventType "swiss"]
[EventRounds "5"]
[EventCountry "NOR"]
[SourceTitle "CBM 109 Extra"]
[Source "ChessBase"]
[SourceDate "2006.01.03"]
[SourceVersion "2"]
[SourceVersionDate "2006.01.03"]
[SourceQuality "1"]

1. e4 e5 2. Nf3 Nc6 3. Bb5 d6 4. d4 exd4 5. Nxd4 Bd7 6. 0-0 Nxd4 7. Bxd7+ Qxd7 8. Qxd4 Nf6 9. Re1 Be7 10. Nc3 0-0 11. Bf4 Rfd8 12. Rad1 Qe6 13. Nb5 Qd7 14. Qc4 a6 15. Nc3 Nh5 16. Bc1 Rac8 17. Qd5 Nf6 18. Qxb7 Ra8 19. Nd5 Rdb8 20. Qxc7 Qxc7 21. Nxc7 Ra7 22. Nd5 Nxd5 23. Rxd5 Rd7 24. Red1 Rc8 25. c3 Rb8 26. e5 Rb5 27. exd6 Rxd5 28. Rxd5 Rxd6 29. Rxd6 Bxd6 30. Kf1 f5 31. Ke2 Kf7 32. h3 Ke6 33. Kd3 Kd5 34. c4+ Ke5 35. f4+ Ke6 36. Kd4 Bb4 37. a3 Be7 38. b4 Kd6 39. c5+ Ke6 40. Kc4 h5 41. a4 Bd8 42. b5 axb5+ 43. axb5 g6 44. b6 h4 45. Kb5 Kd5 46. c6 Kd6 47. Ba3+ Kd5 48. c7 1-0

[Event "Kragero op"]
[Site "Kragero"]
[Date "2005.11.18"]
[Round "1"]
[White "Suntharalingam, Jathavan"]
[Black "Hegvik, Leif Trygve"]
[Result "1-0"]
[WhiteElo "1208"]
[BlackElo "1115"]
[PlyCount "119"]
[EventDate "2005.11.18"]
[EventType "swiss"]
[EventRounds "5"]
[EventCountry "NOR"]
[SourceTitle "CBM 109 Extra"]
[Source "ChessBase"]
[SourceDate "2006.01.03"]
[SourceVersion "2"]
[SourceVersionDate "2006.01.03"]
[SourceQuality "1"]

1. e4 e5 2. Nf3 Nc6 3. Bc4 Bc5 4. c3 Nf6 5. d3 h6 6. 0-0 d6 7. a4 a5 8. h3 0-0 9. Nbd2 Qe7 10. Re1 Re8 11. Nf1 Be6 12. Bb3 Rad8 13. Ng3 d5 14. exd5 Bxd5 15. Bxd5 Nxd5 16. d4 Bd6 17. Qb3 e4 18. Rxe4 Qf8 19. Bd2 Bxg3 20. Rxe8 Bxf2+ 21. Kxf2 Qxe8 22. Re1 Qd7 23. c4 Ndb4 24. d5 Qf5 25. Kg1 Nd3 26. Re3 Ncb4 27. g4 Qg6 28. Nh4 Qf6 29. Nf5 Nc5 30. Ne7+ Qxe7 31. Bxb4 axb4 32. Rxe7 Nxb3 33. Rxc7 Na5 34. Rc5 b6 35. Rc7 Kf8 36. c5 bxc5 37. Rxc5 Nb3 38. Rb5 Nd4 39. Rc5 b3 40. a5 Rd6 41. Kf2 Ke7 42. Ke3 Nc2+ 43. Kd3 Nb4+ 44. Kc4 Na6 45. Rb5 Kf6 46. Rxb3 Nc7 47. Rf3+ Ke7 48. Rd3 g6 49. b4 f5 50. b5 f4 51. a6 f3 52. Rxf3 Rxd5 53. a7 Rd6 54. Re3+ Kd7 55. Kc5 Na8 56. Rf3 Kc7 57. Rf7+ Rd7 58. Rxd7+ Kxd7 59. b6 Kc8 60. Kc6 1-0